Educación, valores y democracia
Uloženo v:
| Korporativní autor: | |
|---|---|
| Médium: | Kniha |
| Jazyk: | španělština |
| Vydáno: |
Madrid
OEI
1998
|
| Témata: | |
| Tagy: |
Přidat tag
Žádné tagy, Buďte první, kdo vytvoří štítek k tomuto záznamu!
|
MARC
| LEADER | 00000nam a2200000 a 4500 | ||
|---|---|---|---|
| 001 | UCP1338 | ||
| 003 | CL-VaPUC | ||
| 008 | 990409e19980000SP |||||||||||||||||spa|d | ||
| 082 | 0 | 4 | |a 370.114 |b ORG |2 21 |
| 110 | 2 | |a Organización de Estados Iberoamericanos para la educación, la ciencia y la cultura |e author |9 427325 | |
| 245 | 1 | 0 | |a Educación, valores y democracia |
| 300 | |a 412 p | ||
| 942 | |c BK | ||
| 945 | |d 19990409 00:00:00 |a rbrito | ||
| 260 | |a Madrid |b OEI |c 1998 | ||
| 650 | 0 | |a Filosofía de la educación |9 258384 | |
| 650 | 0 | |a Ética |9 255099 | |
| 650 | 0 | |a Valores sociales |9 309627 | |
| 650 | 0 | |a Democratización de la educación |9 307986 | |
| 583 | |a last modification |c 20150714 01:54:46 |k Rodrigo Vera | ||
| 999 | |c 280024 |d 280022 | ||
| 952 | |0 0 |1 0 |4 0 |6 370_114000000000000_ORG_1998 |7 0 |8 A |9 319997 |a BIBEDU |b BIBEDU |d 2019-11-20 |i 3507491 |o 370.114 ORG 1998 |p 3507491 |r 2019-11-20 |w 2019-11-20 |y BK |k EDU | ||
| 952 | |0 0 |1 0 |4 0 |6 370_114000000000000_ORG_1998 |7 0 |8 A |9 319998 |a BIBEDU |b BIBEDU |d 2019-11-20 |i 4355105 |o 370.114 ORG 1998 |p 4355105 |r 2019-11-20 |w 2019-11-20 |y BK |k EBA | ||